Integración escolar (Record no. 17246)

MARC details
000 -LEADER
campo de control de longitud fija 00969nam a2200337 a 4500
003 - IDENTIFICADOR DE NÚMERO DE CONTROL
campo de control AR-BaBNM
005 - FECHA Y HORA DE LA ÚLTIMA TRANSACCIÓN
campo de control 20251128210853.0
008 - DATOS DE LONGITUD FIJA--INFORMACIÓN GENERAL
campo de control de longitud fija 082120s2002 ||||||||||||||000 | spa||
020 ## - NÚMERO INTERNACIONAL ESTÁNDAR DEL LIBRO
Número Internacional Estándar del Libro 987-00670-4
040 ## - FUENTE DE CATALOGACIÓN
Centro/agencia transcriptor AR-BaBNM
245 00 - MENCIÓN DEL TÍTULO
Título Integración escolar
260 ## - PUBLICACIÓN, DISTRIBUCIÓN, ETC.
Lugar de publicación, distribución, etc. Buenos Aires
Nombre del editor, distribuidor, etc. Fundación Infancias
-- Fundación Descartes
-- Atuel
Fecha de publicación, distribución, etc. 2000
300 ## - DESCRIPCIÓN FÍSICA
Extensión 215 p.
490 #0 - MENCIÓN DE SERIE
Mención de serie Temas cruciales
Designación de volumen o secuencia v. 2
500 ## - NOTA GENERAL
Nota general Contiene referencias bibliográficas
650 #4 - PUNTO DE ACCESO ADICIONAL DE MATERIA--TÉRMINO DE MATERIA
Término de materia o nombre geográfico como elemento de entrada EDUCACION ESPECIAL
650 #4 - PUNTO DE ACCESO ADICIONAL DE MATERIA--TÉRMINO DE MATERIA
Término de materia o nombre geográfico como elemento de entrada INTEGRACION ESCOLAR
650 #4 - PUNTO DE ACCESO ADICIONAL DE MATERIA--TÉRMINO DE MATERIA
Término de materia o nombre geográfico como elemento de entrada INTEGRACION SOCIAL
650 #4 - PUNTO DE ACCESO ADICIONAL DE MATERIA--TÉRMINO DE MATERIA
Término de materia o nombre geográfico como elemento de entrada EDUCACION DE ADULTOS
651 #4 - PUNTO DE ACCESO ADICIONAL DE MATERIA--NOMBRE GEOGRÁFICO
Nombre geográfico Argentina
653 ## - TÉRMINO DE INDIZACIÓN--NO CONTROLADO
Término no controlado EDUCACION PRIMARIA
653 ## - TÉRMINO DE INDIZACIÓN--NO CONTROLADO
Término no controlado EDUCACION SECUNDARIA
653 ## - TÉRMINO DE INDIZACIÓN--NO CONTROLADO
Término no controlado EXPERIENCIAS EDUCATIVAS
653 ## - TÉRMINO DE INDIZACIÓN--NO CONTROLADO
Término no controlado DISCAPACIDAD MOTORA
653 ## - TÉRMINO DE INDIZACIÓN--NO CONTROLADO
Término no controlado DISCAPACIDAD MENTAL
700 1# - ENTRADA AGREGADA--NOMBRE PERSONAL
Nombre de persona Ré, Susana
Término indicativo de función/relación compilador
700 1# - ENTRADA AGREGADA--NOMBRE PERSONAL
Nombre de persona Leserre, Aníbal
Término indicativo de función/relación director
800 1# - PUNTO DE ACCESO ADICIONAL DE SERIE--NOMBRE DE PERSONA
Nombre de persona Leserre, Aníbal
Término indicativo de función/relación director
942 ## - ELEMENTOS DE ENTRADA SECUNDARIOS (KOHA)
Tipo de ítem Koha Libros
998 ## - INFORMACIÓN DE CONTROL LOCAL (RLIN)
Iniciales del catalogador, CIN (RLIN) RAQUEL
Holdings
Estatus retirado Estado de pérdida Fuente de la clasificación o esquema de estantería Estado de daño Restricciones de uso No para préstamo Biblioteca de origen Biblioteca actual Fecha de adquisición Total de préstamos Signatura topográfica completa Código de barras Visto por última vez Precio de reemplazo Tipo de ítem Koha
    Clasificación Decimal Dewey   Acceso restringido No para préstamo Liberty Liberty 28/11/2025   376 REI 127128 28/11/2025 28/11/2025 Libros